000 00656nam a2200193 i 4500
001 107193
003 ES-MaACL
005 20250730153547.0
007 t|
008 061121s1963 sp ab |||| | spa d
080 _a910.4(7/8)"14/15"
100 1 _aMorales Padrón, Francisco,
_d1924-2010
_983066
245 1 0 _aHistoria del descubrimiento y conquista de América /
_cFrancisco Morales Padrón.
260 _aMadrid :
_bEditora Nacional,
_c1963.
300 _a472 p. :
_bil., mapas ;
_c24.
651 4 _aAmérica española-
_xHistoria-
_y1492-1600 (Descubrimiento y conquista)
_97724
852 _aES-MaACL
_jC-23582
999 _c107193
_d107193